Score 0/24 Timer 04:00
1 Play Today
% Correct
White House
89.6%
White Wine
89.5%
White Whale
89.3%
White Christmas
88.9%
White Witch
88.6%
White Album
85.1%
Whitewash
84.3%
White Water
83.1%
White Light
83%
White Willow
81.4%
White Cliffs
78.4%
White Elephant
67.9%
% Correct
White Palace
66.3%
White Star
65.9%
White Plains
57.8%
White Bull
56.9%
Whitechapel
55%
White Horse
52%
White Tower
50.3%
White Duke
49.2%
White Rider
44.8%
Whitehall
40.6%
White Rose
40.2%
White Hart Lane
39.4%
Remove Ads.
Support Sporcle.
Get the best of Sporcle when you Go Orange. This ad-free experience offers more features, more stats, and more fun while also helping to support Sporcle. Thank you for becoming a member.

You're not logged in!

Compare scores with friends on all Sporcle quizzes.
OR
Log In

Show Comments

Extras

Top Quizzes Today


Score Distribution

Your Account Isn't Verified!

In order to create a playlist on Sporcle, you need to verify the email address you used during registration. Go to your Sporcle Settings to finish the process.

Report this User

Report this user for behavior that violates our Community Guidelines.

Details: